000 00531nam a22001697a 4500
005 20251108165255.0
008 250721s1992 xx 000 0 ara d
082 1 4 _a923.1/عمر
100 1 _aمنصور، محمد أحمد علي
245 1 0 _aالقول الثمين في فضائل عمر بن الخطاب أمير المؤمنين /
264 1 _aعمان :
_bدار الفكر،
_c1992.
300 _a56ص
650 1 7 _aالتراجم
650 1 7 _aالخلفاء الراشدون
942 _2ddc
_cBK
999 _c23829
_d23829